Normal view
MARC view
- Munson, Bruce R.
Entry Personal Name
001 - CONTROL NUMBER
- control field: 10226
003 - CONTROL NUMBER IDENTIFIER
- control field: NUST
005 - DATE AND TIME OF LATEST TRANSACTION
- control field: 20180416072011.0
008 - FIXED-LENGTH DATA ELEMENTS
- fixed length control field: 180416|| aca||aabn | a|a d
040 ## - CATALOGING SOURCE
- Original cataloging agency: NUST
- Transcribing agency: NUST
100 ## - HEADING--PERSONAL NAME
- Personal name: Munson, Bruce R.
670 ## - SOURCE DATA FOUND
- Source citation: Work cat.: (NUST): Munson, Bruce R., Fluid Mechanics /, 2016.
